000 00435nam a2200157 4500
001 1342
005 20181127163129.0
008 830613s1983 nyu 00011 eng
010 _a83011666
020 _a0684180103
100 1 0 _aWright, Stephen,
_d1946-
245 1 0 _aMeditations in green /
_cStephen Wright.
260 0 _aNew York :
_bC. Scribner's Sons,
_cc1983.
300 _a342 p. ;
_c22 cm.
650 0 _aVietnam War, 1961-1975
_xFiction.
999 _c975
_d975